Welcome to CU Library Online Public Access Catalogue (OPAC)

Applied mechanics for engineering technology / (Record no. 8444)

MARC details
000 -LEADER
fixed length control field 00609cam a2200205 a 4500
001 - CONTROL NUMBER
control field 13000338
005 - DATE AND TIME OF LATEST TRANSACTION
control field 20251129144625.0
008 - FIXED-LENGTH DATA ELEMENTS--GENERAL INFORMATION
fixed length control field 021113s2004 njua 001 0 eng
020 ## - INTERNATIONAL STANDARD BOOK NUMBER
International Standard Book Number 0130933759
020 ## - INTERNATIONAL STANDARD BOOK NUMBER
International Standard Book Number 9780130933751
050 00 - LIBRARY OF CONGRESS CALL NUMBER
Classification number TA350
Item number .W19 2004
082 00 - DEWEY DECIMAL CLASSIFICATION NUMBER
Classification number 620.1
Edition information 21
100 1# - MAIN ENTRY--PERSONAL NAME
Personal name Walker, Keith M.,
Dates associated with a name 1940-
245 10 - TITLE STATEMENT
Title Applied mechanics for engineering technology /
Statement of responsibility, etc. Keith M. Walker.
250 ## - EDITION STATEMENT
Edition statement 7th ed.
260 ## - PUBLICATION, DISTRIBUTION, ETC.
Place of publication, distribution, etc. Upper Saddle River, N.J. :
Name of publisher, distributor, etc. Pearson/Prentice Hall,
Date of publication, distribution, etc. c2004.
300 ## - PHYSICAL DESCRIPTION
Extent xiii, 538 p. :
Other physical details ill. ;
Dimensions 25 cm.
500 ## - GENERAL NOTE
General note Includes index.
942 ## - ADDED ENTRY ELEMENTS (KOHA)
Source of classification or shelving scheme Library of Congress Classification
Koha item type Books
Edition 7th ed.
Suppress in OPAC No
999 ## -
-- 8444
-- 8444
Holdings
Withdrawn status Lost status Source of classification or shelving scheme Damaged status Not for loan Collection Home library Current library Shelving location Date acquired Total checkouts Full call number Barcode Date last seen Copy number Price effective from Koha item type
    Library of Congress Classification     Non-fiction Science Library (Miotso) Science Library (Miotso) General stacks 11/29/2025   TA350 .W19 WAL SLM00006430 11/29/2025 1 11/29/2025 Books
© 2023-2024 Copyright: Central University Libraries. All Rights Reserved | Created by: Mahone Tech Office